000 00725nam a2200253 i 4500
001 884741
003 Ke-BoTe
005 20230718020005.0
008 800321s1979 ilua b 001 0 eng
010 _a 80106325
020 _a0935782001
040 _aDLC
_cDLC
_dDLC
050 0 0 _aBP161.2
_b.H25 1985
082 0 0 _a297
100 1 _aHaneef, Suzanne.
_9259
245 1 0 _aWhat everyone should know about Islam and Muslims /
_cSuzanne Haneef.
260 _aChicago :
_bKazi Publications,
_c1979.
300 _ax, 202 p. :
_bcol. ill. ;
_c23 cm.
500 _aIncludes index.
504 _aBibliography: p. 186-187.
650 0 _aIslam.
_9260
906 _a7
_bcbc
_corignew
_d2
_encip
_f19
_gy-gencatlg
942 _2lcc
_cBK
_n0
_02
999 _c74
_d74